000 00945nam a2200253Ii 4500
008 221202s xx 000 0 und d
245 2 _aA Life Course Perspective on Health Trajectories and Transitions
264 1 _aCham
_bSpringer Nature
_c2015
300 _a1 online resource
336 _atext
_btxt
_2rdacontent
337 _acomputer
_bc
_2rdamedia
338 _aonline resource
_bcr
_2rdacarrier
490 _aLife Course Research and Social Policies
_v4
520 _aPublic Health; Sociology, general; Epidemiology
653 _aEpidemiology
653 _aPublic Health
653 _aSociology, General
700 1 _aBlane, David
700 1 _aBurton-Jeangros, Claudine
700 1 _aCullati, Stéphane
700 1 _aSacker, Amanda
856 _uhttps://docs.google.com/spreadsheets/d/1yKIrdCPDAG_9c22mwoOIO2DOhtj65Wqa/edit?usp=sharing&ouid=106555315294820607512&rtpof=true&sd=true
_yList of Curated E-Books
942 _cE-BOOK
999 _c91319
_d91316